Lanean...
اشباح فرنساوي : رواية
| Egile nagusia: | |
|---|---|
| Formatua: | Printed Book |
| Hizkuntza: | English |
| Argitaratua: |
القاهرة
دار العين للنشر
2014
|
| LEADER | 00500nam a22001337a 4500 | ||
|---|---|---|---|
| 008 | 200226b ||||| |||| 00| 0 eng d | ||
| 999 | |c 349239 |d 349239 | ||
| 020 | |a 9789774902611 | ||
| 082 | |a 913.3X NZ | ||
| 100 | |a منصور الصويم | ||
| 245 | |a اشباح فرنساوي : رواية | ||
| 260 | |a القاهرة |b دار العين للنشر |c 2014 | ||
| 942 | |c BK | ||
| 952 | |0 0 |1 0 |2 ddc |4 0 |6 913_000000000000000_3X_NZ |7 0 |9 402973 |a ARA |b ARA |c ST1 |d 2020-02-26 |i 11943 |l 0 |o 913.3X NZ |p ARA11943 |r 2020-02-26 |w 2020-02-26 |y BK | ||